LIBRARY & INFORMATION CENTRE, KCAET, TAVANUR

ONLINE PUBLIC ACCESS CATALOGUE (OPAC)

Design and development of water treatment methods for improving water quality of KCAET campus (Record no. 15153)

MARC details
000 -LEADER
fixed length control field 00825nam a22002057a 4500
003 - CONTROL NUMBER IDENTIFIER
control field OSt
088 ## - REPORT NUMBER
Report number P 260
100 ## - MAIN ENTRY--AUTHOR NAME
Personal name SAJNAMOL N. V
245 ## - TITLE STATEMENT
Title Design and development of water treatment methods for improving water quality of KCAET campus
260 ## - PUBLICATION, DISTRIBUTION, ETC. (IMPRINT)
Place of publication Tavanur 2013
Name of publisher Kelappaji College of Agricultural Engineering and Technology
300 ## - PHYSICAL DESCRIPTION
Number of Pages 60
500 ## - GENERAL NOTE
General note Design and development of water treatment methods for improving water quality of KCAET campus
520 ## - SUMMARY, ETC.
Summary, etc Design and development of water treatment methods for improving water quality of KCAET campus
700 ## - ADDED ENTRY--PERSONAL NAME
Personal name Sreelakshmi K. Unni
700 ## - ADDED ENTRY--PERSONAL NAME
Personal name Suraja K. P
700 ## - ADDED ENTRY--PERSONAL NAME
Personal name Er. D. Sasikala (Guide)
856 ## - ELECTRONIC LOCATION AND ACCESS
Uniform Resource Identifier https://drive.google.com/open?id=1P5oO4MfS0YlLxXH89nwL4DnZUHuLIwnN
942 ## - ADDED ENTRY ELEMENTS (KOHA)
Koha item type Project Report
Holdings
Collection code Home library Current library Shelving location Full call number Accession Number Koha item type
Reference KAUAET KAUAET Reference 631.587 SAJ/DE P 260 Project Report
free website counter